000 00714nam a2200193 i 4500
001 40539
003 ES-MaACL
005 20230906160241.0
007 t|
008 030306s1969 sp ||||1| spa d
100 1 _aCarrión Herrero, Pedro.
_935812
245 1 0 _aVerificación fiscal en los sistemas de contabilidad mecanizada... /
_cPedro y Felipe J. Carrión Herrero.
260 _a[León] :
_bMutualidad de Intendentes al Servicio de la Hacienda Pública,
_c1969.
300 _a56 p. ;
_c32 cm.
500 _aXXII Asamblea Anual 1969.
700 1 _aCarrión Herrero, Felipe J.
_935811
710 2 _aMutualidad de Intendentes al Servicio de la Hacienda Pública.
_95951
852 _aES-MaACL
_jC-35720
_bR.69080
999 _c40539
_d40539